|
|
|
|
| LEADER |
03581njm a2200841 i 4500 |
| 001 |
001785811 |
| 003 |
CZ BrMZK |
| 005 |
20210712091031.0 |
| 007 |
sd fungnnmmned |
| 008 |
210225t20202020xr munng n cze |
| 040 |
|
|
|a BOA001
|b cze
|e rda
|
| 041 |
0 |
|
|d cze
|g cze
|g eng
|
| 043 |
|
|
|a e-xr---
|
| 045 |
|
|
|a y-y-
|
| 047 |
|
|
|a zz
|a op
|a ca
|a sy
|a co
|
| 048 |
|
|
|a ob
|
| 048 |
|
|
|b be03
|a pn
|
| 048 |
|
|
|a sa02
|
| 048 |
|
|
|a wc01
|a bd01
|a sa01
|a sc01
|a ka01
|
| 048 |
|
|
|a on
|
| 048 |
|
|
|b ba01
|a on
|
| 072 |
|
7 |
|x Instrumentální hudba. Symfonická hudba. Hudba pro více nástrojů
|a 785
|2 Konspekt
|9 9
|
| 080 |
|
|
|a 785
|2 MRF
|
| 080 |
|
|
|a 782.086
|2 MRF
|
| 080 |
|
|
|a 78.083.6
|2 MRF
|
| 080 |
|
|
|a 784.4
|2 MRF
|
| 080 |
|
|
|a 78.082.1
|2 MRF
|
| 080 |
|
|
|a 78.082.4
|2 MRF
|
| 080 |
|
|
|a (086.76)
|2 MRF
|
| 100 |
1 |
|
|a Cígler, Petr,
|d 1978-
|7 xx0002312
|4 cmp
|
| 245 |
1 |
0 |
|a Petr Cígler
|
| 264 |
|
1 |
|a Praha :
|b Czech music information centre,
|c [2020]
|
| 264 |
|
4 |
|c ©2020
|
| 300 |
|
|
|a 1 CD audio (79:48) ;
|c 12 cm
|
| 306 |
|
|
|a 011948
|
| 336 |
|
|
|a hraná hudba
|b prm
|2 rdacontent
|
| 337 |
|
|
|a audio
|b s
|2 rdamedia
|
| 338 |
|
|
|a audiodisk
|b sd
|2 rdacarrier
|
| 344 |
|
|
|a digital
|b optical
|g stereo
|2 rda
|
| 347 |
|
|
|a audio soubor
|b CD audio
|2 rda
|
| 382 |
|
|
|a komorní orchestr
|e 1
|t 1
|
| 382 |
|
|
|a tuba
|n 3
|a bicí
|e 1
|
| 382 |
|
|
|a housle
|n 2
|s 2
|
| 382 |
|
|
|a klarinet
|n 1
|a trombón
|n 1
|a housle
|n 1
|a violoncello
|n 1
|a klavír
|n 1
|s 5
|
| 382 |
|
|
|a orchestr
|e 1
|t 1
|
| 382 |
|
|
|b lesní roh
|n 1
|r 1
|a orchestr
|e 1
|t 1
|
| 490 |
1 |
|
|a Composer portraits ;
|v 12
|
| 500 |
|
|
|a Název z pouzdra
|
| 500 |
|
|
|a Fonogramy Ostravské centrum nové hudby (deváté dílo) aa Český rozhlas (ostatní díla)
|
| 500 |
|
|
|a Informace o skladateli a hudbě česky a anglicky (11 stran) v pouzdru
|
| 505 |
0 |
|
|a Daily patterns (2014) (12:01) -- Ueber das fabrige Licht der Doppelsterne (2012) (8:05) -- Awake! : a lulaby for three tubas and percussion (2002) (9:07) -- Nothing is free (2017) (4:53) -- The journey to ultimate serenity (2014) (7:29) -- Protracted sinuous movement of a longitudinal object : (excerpts) : 2015-16) (11:12) -- Entropic symphony (2011) (19:36) -- Concerto for horn and orchestra : 1st movement (2019) (6:42)
|
| 511 |
0 |
|
|a V podání různých interpretů
|
| 648 |
|
7 |
|a 21. století
|7 ch460559
|
| 650 |
0 |
7 |
|a instrumentální hudba
|7 ph121126
|z Česko
|y 21. století
|2 czenas
|
| 650 |
0 |
7 |
|a operní výňatky
|7 ph291744
|z Česko
|y 21. století
|2 czenas
|
| 650 |
0 |
7 |
|a chaconny
|7 ph230296
|2 czenas
|
| 650 |
0 |
7 |
|a ukolébavky
|7 ph224485
|2 czenas
|
| 650 |
0 |
7 |
|a symfonie
|7 ph126358
|2 czenas
|
| 650 |
|
7 |
|a koncerty
|7 ph121790
|2 czenas
|
| 655 |
|
7 |
|a kompaktní disky
|7 fd201991
|2 czenas
|
| 700 |
1 |
2 |
|i Obsahuje (dílo):
|a Cígler, Petr,
|d 1978-
|t Daily patterns
|
| 700 |
1 |
2 |
|i Obsahuje (dílo):
|a Cígler, Petr,
|d 1978-
|t Ueber das fabrige Licht der Doppelsterne
|
| 700 |
1 |
2 |
|i Obsahuje (dílo):
|a Cígler, Petr,
|d 1978-
|t Probuďte se!
|
| 700 |
1 |
2 |
|i Obsahuje (dílo):
|a Cígler, Petr,
|d 1978-
|t Nothing is free
|
| 700 |
1 |
2 |
|i Obsahuje (dílo):
|a Cígler, Petr,
|d 1978-
|t Journey to ultimate serenity
|
| 700 |
1 |
2 |
|i Obsahuje (dílo):
|a Cígler, Petr,
|d 1978-
|t Táhlý zvlněný pohyb podélného předmětu
|
| 700 |
1 |
2 |
|i Obsahuje (dílo):
|a Cígler, Petr,
|d 1978-
|t Entropic symphony
|
| 700 |
1 |
2 |
|i Obsahuje (dílo):
|a Cígler, Petr,
|d 1978-
|t Koncert,
|m lesní roh, orchestr
|
| 830 |
|
0 |
|a Composer portraits
|
| 910 |
|
|
|a BOA001
|b CDR-1465.502
|
| 990 |
|
|
|a AV
|
| 991 |
|
|
|b 202107
|
| 996 |
6 |
|
|b 2610868485
|c CDR-1465.502
|l MZK
|r Sklad / do 24 hodin
|n 0
|p p.v.
|w 001853992
|u 000010
|a 1
|e BOA001
|j MZK50
|s P
|